Virtual Reality, Augmented Reality and Artificial Intelligence in Special Education (Record no. 27182)
[ view plain ]
| 000 -LEADER | |
|---|---|
| fixed length control field | 00430nam a22001457a 4500 |
| 003 - CONTROL NUMBER IDENTIFIER | |
| control field | SGT |
| 020 ## - INTERNATIONAL STANDARD BOOK NUMBER | |
| International Standard Book Number | 9780367024536 |
| 082 ## - DEWEY DECIMAL CLASSIFICATION NUMBER | |
| Classification number | 370,AND |
| 100 ## - MAIN ENTRY--PERSONAL NAME | |
| Personal name | ANDERSON,ANG |
| 245 ## - TITLE STATEMENT | |
| Title | Virtual Reality, Augmented Reality and Artificial Intelligence in Special Education |
| Remainder of title | A Practical Guide to Supporting Students with Learning Differences |
| 260 ## - PUBLICATION, DISTRIBUTION, ETC. (IMPRINT) | |
| Place of publication, distribution, etc | LODON |
| Name of publisher, distributor, etc | ROUTEDGE |
| Year of Publication | 2019 |
| 300 ## - PAGE DESCRIPTION | |
| No. of Pages | 111 |
| 650 ## - SUBJECT ADDED ENTRY--TOPICAL TERM | |
| Topical term or geographic name as entry element | EDUCATION |
| 942 ## - ADDED ENTRY ELEMENTS (KOHA) | |
| Source of classification or shelving scheme | Dewey Decimal Classification |
| Koha item type | Books |
| Withdrawn status | Lost status | Source of classification or shelving scheme | Damaged status | Use restrictions | Not for loan | Collection code | Home library | Current library | Shelving location | Date acquired | Vendor Name | Cost, normal purchase price | SGTU | Bill Number | Total Checkouts | Full call number | Accession No. (Barcode) | Date last seen | Bill Date | Koha item type |
|---|---|---|---|---|---|---|---|---|---|---|---|---|---|---|---|---|---|---|---|---|
| Dewey Decimal Classification | Restricted Access | Not For Loan | EDUCATION | SGT Engineering Library | SGT Engineering Library | Reference Book | 16/10/2024 | ABC PUBLISHERS & DISTRIBUTORS PVT. LTD | 2388.00 | SGTU | IN84 | 370,AND | ED5364 | 16/10/2024 | 10/09/2024 | Books |